[Event "Cambridge op 3rd"]
[Site "Cambridge"]
[Date "2025.05.29"]
[Round "6"]
[White "Adams, Michael"]
[Black "Siva, Mahadevan"]
[Result "1-0"]
[WhiteElo "2661"]
[BlackElo "2385"]
[PlyCount "89"]
[EventDate "2025.05.26"]
[EventType "tourn"]
[EventRounds "9"]
[EventCountry "ENG"]
[SourceTitle "CB23_2025"]
[SourceDate "2025.06.04"]
[SourceVersion "1"]
[SourceVersionDate "2025.06.04"]
[SourceQuality "1"]

1. e4 c5 2. Nf3 d6 3. Bb5+ Nd7 4. 0-0 a6 5. Be2 Ngf6 6. d3 b5 7. a4 Bb7 8. d4 cxd4 9. axb5 axb5 10. Rxa8 Bxa8 11. Nxd4 b4 12. Bd2 Qb8 13. Nb5 Bc6 14. c4 bxc3 15. N1xc3 e5 16. Be3 Be7 17. Ba7 Qb7 18. Nxd6+ Bxd6 19. Qxd6 Qxa7 20. Qxc6 0-0 21. Rd1 Rb8 22. Nb5 Qc5 23. Qxc5 Nxc5 24. f3 Kf8 25. Kf2 g6 26. Ra1 Nb3 27. Ra6 Nh5 28. g3 Nd4 29. Nxd4 exd4 30. Ra2 Rb4 31. Ke1 Nf6 32. Kd2 Nd7 33. Kc2 Nc5 34. Ra3 Ke7 35. b3 Kd6 36. Bc4 Rb7 37. Bd5 Rb8 38. Bxf7 Rf8 39. b4 Nd7 40. Bd5 g5 41. Ra6+ Kc7 42. Kd3 Rxf3+ 43. Kxd4 Rf2 44. Rh6 Nf6 45. Be6 1-0

[Event "Cambridge op 3rd"]
[Site "Cambridge"]
[Date "2025.05.26"]
[Round "1"]
[White "Siva, Mahadevan"]
[Black "Payne, Matthew"]
[Result "1-0"]
[WhiteElo "2385"]
[BlackElo "2116"]
[PlyCount "57"]
[EventDate "2025.05.26"]
[EventType "tourn"]
[EventRounds "9"]
[EventCountry "ENG"]
[SourceTitle "CB23_2025"]
[SourceDate "2025.06.04"]
[SourceVersion "1"]
[SourceVersionDate "2025.06.04"]
[SourceQuality "1"]

1. e4 e6 2. d4 d5 3. e5 c5 4. c3 Nc6 5. Nf3 Qb6 6. a3 c4 7. Nbd2 Na5 8. Rb1 Bd7 9. h4 Nh6 10. Rh3 f6 11. b4 cxb3 12. Nxb3 Nf7 13. Bd3 Ba4 14. Bc2 Bxb3 15. Bxb3 Nxb3 16. Rxb3 Qc6 17. Rg3 0-0-0 18. Bf4 Rd7 19. Kf1 fxe5 20. Bxe5 Rg8 21. Qb1 g6 22. h5 Bd6 23. Bxd6 Rxd6 24. Kg1 Rd7 25. hxg6 hxg6 26. Rxg6 Rh8 27. g3 Re7 28. Rg7 Ne5 29. Nxe5 1-0

[Event "Daventry 4NCL Easter op"]
[Site "Daventry"]
[Date "2025.04.20"]
[Round "4"]
[White "Bin Suhayl, Ieysaa"]
[Black "Siva, Mahadevan"]
[Result "1/2-1/2"]
[WhiteElo "2219"]
[BlackElo "2369"]
[PlyCount "71"]
[EventDate "2025.04.18"]
[EventType "swiss"]
[EventRounds "7"]
[EventCountry "ENG"]
[SourceTitle "CB17_2025"]
[SourceDate "2025.04.23"]
[SourceVersion "1"]
[SourceVersionDate "2025.04.23"]
[SourceQuality "1"]

1. Nf3 d5 2. g3 g6 3. Bg2 Bg7 4. d4 Nf6 5. 0-0 c6 6. Ne5 Ng4 7. Bf4 Qb6 8. b3 Nxe5 9. Bxe5 Bxe5 10. dxe5 Nd7 11. e4 dxe4 12. e6 Nf6 13. exf7+ Kxf7 14. Qe2 Bg4 15. Qc4+ Kg7 16. h3 Bd7 17. Re1 Rhf8 18. Nc3 Rf7 19. Na4 Qc7 20. Nc5 Raf8 21. Rad1 Bc8 22. Nxe4 Nxe4 23. Qxe4 Rxf2 24. Qxe7+ Qxe7 25. Rxe7+ R2f7 26. Rxf7+ Rxf7 27. b4 Rd7 28. Rxd7+ Bxd7 29. Kf2 Kf6 30. Ke3 Ke5 31. h4 h6 32. a4 b6 33. a5 c5 34. axb6 axb6 35. bxc5 bxc5 36. c3 1/2-1/2

[Event "Daventry 4NCL Easter op"]
[Site "Daventry"]
[Date "2025.04.20"]
[Round "5"]
[White "Siva, Mahadevan"]
[Black "Chan, Sheng Liang Bernard"]
[Result "1-0"]
[WhiteElo "2369"]
[BlackElo "2064"]
[PlyCount "107"]
[EventDate "2025.04.18"]
[EventType "swiss"]
[EventRounds "7"]
[EventCountry "ENG"]
[SourceTitle "CB17_2025"]
[SourceDate "2025.04.23"]
[SourceVersion "1"]
[SourceVersionDate "2025.04.23"]
[SourceQuality "1"]

1. e4 c5 2. Nf3 d6 3. Nc3 Nf6 4. d4 cxd4 5. Nxd4 g6 6. Be3 Bg7 7. f3 0-0 8. Qd2 Nc6 9. Bc4 Nxd4 10. Bxd4 Be6 11. Bb3 Qa5 12. 0-0-0 b5 13. Kb1 b4 14. Nd5 Bxd5 15. exd5 Qb5 16. Rhe1 a5 17. Qd3 Qxd3 18. Rxd3 a4 19. Bc4 Rfc8 20. b3 Rc7 21. f4 axb3 22. cxb3 Rb7 23. Re2 Ra5 24. Bf2 Ng4 25. Bg3 f5 26. h3 Nf6 27. Be1 Ra8 28. Rde3 Kf8 29. Rc2 Ra5 30. Rd3 Ra8 31. Rd1 Ne4 32. g4 fxg4 33. hxg4 Nc3+ 34. Bxc3 Bxc3 35. a4 Bg7 36. Re2 Rc7 37. Rd3 h6 38. Re4 Ra5 39. Bb5 Rc3 40. Rxc3 Bxc3 41. Kc2 Ra7 42. g5 hxg5 43. fxg5 Rc7 44. Rf4+ Kg7 45. Rc4 Rxc4 46. Bxc4 Bd4 47. a5 Kf7 48. Bd3 Be3 49. a6 e6 50. dxe6+ Kxe6 51. Bxg6 Kd5 52. Kd3 Bc5 53. Be4+ Ke5 54. g6 1-0

[Event "Daventry 4NCL Easter op"]
[Site "Daventry"]
[Date "2025.04.19"]
[Round "3"]
[White "Siva, Mahadevan"]
[Black "Vaidyanathan, Adithya"]
[Result "1-0"]
[WhiteElo "2369"]
[BlackElo "2041"]
[PlyCount "101"]
[EventDate "2025.04.18"]
[EventType "swiss"]
[EventRounds "7"]
[EventCountry "ENG"]
[SourceTitle "CB17_2025"]
[SourceDate "2025.04.23"]
[SourceVersion "1"]
[SourceVersionDate "2025.04.23"]
[SourceQuality "1"]

1. Nf3 c5 2. e3 g6 3. d4 cxd4 4. exd4 Nf6 5. Bd3 Bg7 6. 0-0 0-0 7. Re1 Nc6 8. c3 d5 9. h3 Qd6 10. Bg5 Nd7 11. Nbd2 Re8 12. Bh4 e6 13. a4 b6 14. b4 a6 15. Nb3 Bb7 16. Bg3 Qf8 17. Ra2 e5 18. dxe5 Ndxe5 19. Nxe5 Nxe5 20. Rae2 Nxd3 21. Qxd3 Rxe2 22. Rxe2 Qc8 23. Re7 Bc6 24. a5 b5 25. Qf3 Qf8 26. Rc7 Qe8 27. Nc5 Rc8 28. Rxc8 Qxc8 29. Qe3 Qe8 30. Qd2 Qa8 31. f3 Bf8 32. Bf2 Qc8 33. Qf4 Bg7 34. Bd4 Bxd4+ 35. cxd4 Kg7 36. Qe5+ Kg8 37. Kf2 Bb7 38. g4 Qc6 39. Qb8+ Bc8 40. Qb6 Qe8 41. Qd6 Qf8 42. Qxd5 Qe7 43. Qc6 Qh4+ 44. Kg2 Qd8 45. d5 Kf8 46. d6 Be6 47. d7 Ke7 48. Qxa6 Qb8 49. Nxe6 Kxd7 50. Nc5+ Ke8 51. Qc6+ 1-0

[Event "Daventry 4NCL Easter op"]
[Site "Daventry"]
[Date "2025.04.18"]
[Round "1"]
[White "Siva, Mahadevan"]
[Black "Varley, Joe"]
[Result "1-0"]
[WhiteElo "2369"]
[BlackElo "1954"]
[PlyCount "65"]
[EventDate "2025.04.18"]
[EventType "swiss"]
[EventRounds "7"]
[EventCountry "ENG"]
[SourceTitle "CB17_2025"]
[SourceDate "2025.04.23"]
[SourceVersion "1"]
[SourceVersionDate "2025.04.23"]
[SourceQuality "1"]

1. Nf3 Nf6 2. c4 g6 3. Nc3 c5 4. e4 Nc6 5. d4 cxd4 6. Nxd4 Bg7 7. Be3 Ng4 8. Qxg4 Nxd4 9. Qd1 Nc6 10. Qd2 Qa5 11. Rc1 0-0 12. Be2 d6 13. 0-0 Rd8 14. Rfd1 Be6 15. f4 f5 16. exf5 gxf5 17. b3 Bf7 18. Bf3 Rac8 19. Bf2 e5 20. Bd5 Bxd5 21. Nxd5 Qxd2 22. Rxd2 Kf7 23. Rcd1 Bh6 24. Be3 b6 25. fxe5 Bxe3+ 26. Nxe3 f4 27. Nf5 Ke6 28. Nxd6 Ra8 29. Nb5 Rxd2 30. Rxd2 Kxe5 31. Rd5+ Ke4 32. Kf2 Ne5 33. Nd6# 1-0

[Event "Blackpool op 48th"]
[Site "Blackpool"]
[Date "2025.02.09"]
[Round "5"]
[White "Hamer, Martyn"]
[Black "Siva, Mahadevan"]
[Result "0-1"]
[WhiteElo "2053"]
[BlackElo "2365"]
[PlyCount "78"]
[EventDate "2025.02.07"]
[EventType "swiss"]
[EventRounds "5"]
[EventCountry "ENG"]
[SourceTitle "CB07_2025"]
[SourceDate "2025.02.12"]
[SourceVersion "1"]
[SourceVersionDate "2025.02.12"]
[SourceQuality "1"]

1. d4 Nf6 2. Nf3 g6 3. Bg5 Bg7 4. Nbd2 0-0 5. c3 h6 6. Bh4 d6 7. e4 c5 8. Bc4 cxd4 9. Nxd4 Nxe4 10. Nxe4 d5 11. Bd3 dxe4 12. Bxe4 Qb6 13. 0-0 f5 14. Bc2 g5 15. Bg3 e5 16. Bxe5 Bxe5 17. Re1 Bxd4 18. cxd4 Qf6 19. Rc1 Nc6 20. Bb3+ Kh8 21. d5 Ne5 22. Rc7 f4 23. d6 Bf5 24. Bc2 Nf7 25. Bxf5 Qxf5 26. Rxb7 f3 27. gxf3 Qf6 28. Ree7 Rad8 29. Qb3 Kg7 30. Rxa7 Rxd6 31. a4 Qf5 32. a5 Rf6 33. a6 g4 34. f4 Qxf4 35. Qe3 Qf5 36. Re5 Qc2 37. Ree7 Kg6 38. h4 Qd1+ 39. Qe1 Qxe1+ 0-1

[Event "Blackpool op 48th"]
[Site "Blackpool"]
[Date "2025.02.08"]
[Round "3"]
[White "Sarakauskas, Gediminas"]
[Black "Siva, Mahadevan"]
[Result "1/2-1/2"]
[WhiteElo "2323"]
[BlackElo "2365"]
[PlyCount "54"]
[EventDate "2025.02.07"]
[EventType "swiss"]
[EventRounds "5"]
[EventCountry "ENG"]
[SourceTitle "CB07_2025"]
[SourceDate "2025.02.12"]
[SourceVersion "1"]
[SourceVersionDate "2025.02.12"]
[SourceQuality "1"]

1. e4 c5 2. Nf3 d6 3. Bc4 Nc6 4. 0-0 Nf6 5. Re1 Bg4 6. c3 e6 7. d3 Be7 8. h3 Bh5 9. Nbd2 a6 10. Bb3 d5 11. exd5 Nxd5 12. Ne4 0-0 13. Ng3 Bg6 14. d4 Qb6 15. Bxd5 exd5 16. Ne5 Rfe8 17. Nd7 Qa7 18. Nxc5 Bxc5 19. Rxe8+ Rxe8 20. dxc5 Qxc5 21. Be3 Qb5 22. Qd2 Ne5 23. b3 Qd3 24. Rd1 f6 25. Ne2 Qxd2 26. Rxd2 Nd3 27. Nf4 Nxf4 1/2-1/2

[Event "Blackpool op 48th"]
[Site "Blackpool"]
[Date "2025.02.08"]
[Round "2"]
[White "Siva, Mahadevan"]
[Black "Kee, Steve"]
[Result "1-0"]
[WhiteElo "2365"]
[BlackElo "1973"]
[PlyCount "63"]
[EventDate "2025.02.07"]
[EventType "swiss"]
[EventRounds "5"]
[EventCountry "ENG"]
[SourceTitle "CB07_2025"]
[SourceDate "2025.02.12"]
[SourceVersion "1"]
[SourceVersionDate "2025.02.12"]
[SourceQuality "1"]

1. e4 c5 2. Nf3 d6 3. c3 Nf6 4. h3 g6 5. Bd3 Bg7 6. Bc2 Nc6 7. d4 cxd4 8. cxd4 0-0 9. Nc3 a6 10. 0-0 b5 11. e5 Ne8 12. Bf4 dxe5 13. dxe5 Nc7 14. Qc1 Ne6 15. Rd1 Qe8 16. Bh6 Bb7 17. Bxg7 Kxg7 18. Qe3 Na5 19. b3 Bxf3 20. Qxf3 Rc8 21. Rac1 Nc6 22. Qe3 Nb4 23. Be4 Nc6 24. f4 f6 25. Bd5 Nc7 26. exf6+ Rxf6 27. Bf3 Rd8 28. Ne4 Rxd1+ 29. Bxd1 Re6 30. Bg4 Nd5 31. Qd2 Nf6 32. Bxe6 1-0